000 00291nam a2200121 a 4500
005 20140414093842.0
008 090122s19uu xx uuu eng d
050 _aDVD 791.43
_bGAR 2000
245 _aGarfield :
_bthe movie.
650 _aMotion pictures.
942 _cAVM
999 _c109393
_d109393